1236 1997 1923 1129 1196 1963 1145 1108 1417 1853 1925 1737 1528 1777 1561 1813 1600 1466 1794 1064 1007 1346 1502 1372 1365 1257 1133 1783 1707 1604 1328 1065 1225 1450 1126 1007 1542 1288 1809 1964 1886 1463 1213 1680 1806 1188 1700 1061 1785 1944 1026 1044 1306 1612 1993 1289 1796 1898 1999 1930 1862 1938 1371 1487 1511 1065 1383 1104 1442 1805 1291 1313 1846 1095 1789 1648 1141 1211 1586 1668 1129 1634 1843 1201 1455 1720 1099 1833 1243 1789 1953 1682 1022 1606 1592 1705 1006 1233 1077 BCNSPRNW ULIB Ver.6.0+V

เปลี่ยนเป็นภาษาไทย

Change to English
 แสดงรายละเอียดบรรณานุกรม
  กลับหน้าหลัก

Brief Record : Get Marc (ISO 2709) : E-mail record : QR code < ปิดหน้าต่าง
LEADER : 00000nam 2200000uu 4500
001    13399112304
003     ULIB
008    110627s2551||||th 000 0 tha d
020    9789749906828
090    นว.^bล978ล
100 0  ไล่ ตง จิ้น
245 00 ไล่ตงจิ้น ลูกขอทาน ผู้ไม่ยอมแพ้ต่อชะตาชีวิต/^cไล่ ตง จิ้น
250    พิมพ์ครั้งที่ 35
260    กรุงเทพฯ :^bอินสปายร์,^c2551
300    248 หน้า
710 1  อินสปายร์
945    ^p165^l0^i021028
945    ^p165^l0^i027984
945    ^p0^l0^i001434
945    ^p0^l0^i001435
945    ^p0^l0^i001436
945    ^p0^l0^i001437
945    ^p0^l0^i001438
995    ทศพร
999 ^a ใช้งานได้ทุกระบบ
รายการนี้ยังไม่มีแท็ก
คุณยังไม่ได้ล็อกอิน คุณสามารถมีกิจกรรมร่วมกับเว็บไซต์ได้ แต่ต้องล็อกอินก่อน ::
  ล็อกอิน

รายการสื่อสารสนเทศ

ลำดับที่ ประเภท เลขเรียก/บาร์โค้ด สถานที่ สถานะ
1. วิทยาศาสตร์การแพทย์ และสุขภาพ
วิทยาศาสตร์การแพทย์ และสุขภาพ
นว. ล978ล ฉ.3 
  Barcode: 001434
ห้องสมุดวิทยาเขตนครสวรรค์
►นวนิยาย:l:Fiction
บนชั้น
2. วิทยาศาสตร์การแพทย์ และสุขภาพ
วิทยาศาสตร์การแพทย์ และสุขภาพ
นว. ล978ล ฉ.4 
  Barcode: 001435
ห้องสมุดวิทยาเขตนครสวรรค์
►นวนิยาย:l:Fiction
บนชั้น
3. วิทยาศาสตร์การแพทย์ และสุขภาพ
วิทยาศาสตร์การแพทย์ และสุขภาพ
นว. ล978ล ฉ.5 
  Barcode: 001436
ห้องสมุดวิทยาเขตนครสวรรค์
►นวนิยาย:l:Fiction
บนชั้น
4. วิทยาศาสตร์การแพทย์ และสุขภาพ
วิทยาศาสตร์การแพทย์ และสุขภาพ
นว. ล978ล ฉ.6 
  Barcode: 001437
ห้องสมุดวิทยาเขตนครสวรรค์
►นวนิยาย:l:Fiction
บนชั้น
5. วิทยาศาสตร์การแพทย์ และสุขภาพ
วิทยาศาสตร์การแพทย์ และสุขภาพ
นว. ล978ล ฉ.7 
  Barcode: 001438
ห้องสมุดวิทยาเขตนครสวรรค์
►นวนิยาย:l:Fiction
บนชั้น

BibComment


ยังไม่เคยถูกคอมเมนท์

คอมเมนท์ทรัพยากรรายการนี้
  คอมเมนท์: ไล่ตงจิ้น ลูกขอทา..


 Copyright 2026. Bcnsprnw @Library